000 00495nam a2200181Ia 4500
008 240925s9999 xx 000 0 und d
020 _a273625845
082 _a658.403 WIL
100 _aWilson, Martin
245 4 _aThe Information Edge: successful management using information technology
250 _aNA
260 _aLondon:
_bPitman Publishing
_c,1997.
300 _axxix,832p.
_bNA
_fOriginal
500 _aIncludes Index
600 _aManagement
650 _aManagement
942 _cBK
999 _c5890
_d5890